000 00362 a2200169 4500
001 175424
020 _a85-16-03949-8
040 _cMagnum
100 _aMurgel Branco, Samuel
240 1 0 _aEvolução das espécies
_lpor
245 1 0 _aEvolução das espécies
300 _a94
362 0 _a2010
440 1 _aModerna
697 _aBIOLOGIA
942 _cBK
999 _c175424
_d175424